Africa Today: culture, economics, religion, security (Record no. 3374)

MARC details
000 -LEADER
fixed length control field 00530nam a22001937a 4500
003 - CONTROL NUMBER IDENTIFIER
control field OSt
005 - DATE AND TIME OF LATEST TRANSACTION
control field 20160423142246.0
008 - FIXED-LENGTH DATA ELEMENTS--GENERAL INFORMATION
fixed length control field 160331b xxu||||| |||| 00| 0 eng d
020 ## - INTERNATIONAL STANDARD BOOK NUMBER
International Standard Book Number 9780415418843
040 ## - CATALOGING SOURCE
Transcribing agency DDC.
082 ## - DEWEY DECIMAL CLASSIFICATION NUMBER
Classification number 306.09 DEE 2009
100 ## - MAIN ENTRY--PERSONAL NAME
Personal name Deegan, Heather
9 (RLIN) 7554
245 ## - TITLE STATEMENT
Title Africa Today: culture, economics, religion, security
260 ## - PUBLICATION, DISTRIBUTION, ETC. (IMPRINT)
Place of publication, distribution, etc. London; Routledge, 2009
300 ## - PHYSICAL DESCRIPTION
Extent xiii,235p; ill:24cm
504 ## - BIBLIOGRAPHY, ETC. NOTE
Bibliography, etc Notes, bibliography, & index included
650 ## - SUBJECT ADDED ENTRY--TOPICAL TERM
Topical term or geographic name as entry element African
9 (RLIN) 5543
942 ## - ADDED ENTRY ELEMENTS (KOHA)
Source of classification or shelving scheme Dewey Decimal Classification
Koha item type Open Shelf
Holdings
Withdrawn status Lost status Source of classification or shelving scheme Damaged status Not for loan Home library Current library Date acquired Source of acquisition Inventory number Total Checkouts Full call number Barcode Date last seen Koha item type
    Dewey Decimal Classification     MUST Main Library MUST Main Library 23/04/2016   15/39412   306.09 DEE 2009 2016-1210 23/04/2016 Open Shelf
    Dewey Decimal Classification     MUST Main Library MUST Main Library 04/07/2016   15/39573   306.09 DEE 2009 2016-2975 04/07/2016 Open Shelf